Determination of the limiting beam intensity in the cyclic inductive accelerator with a constant guiding field; Soviet Physics - Lebedev Institute Reports; Iss. 3

Bibliografiske detaljer
Parent link:Soviet Physics - Lebedev Institute Reports.— , 1974-
Iss. 3.— 1981.— P. 30-35
Andre forfattere: Kanunnikov V. N., Mikhalev P. S., Simukhin N. F., Chakhlov V. L. Vladimir Lukianovich
Summary:Measurements are reported of the beam parameters of a cyclic inductive accelerator with a time-independent guiding field. The measured mean beam current as a function of the injection-current amplitude is calculated with theoretical values.
В фонде НТБ ТПУ отсутствует
Sprog:engelsk
Udgivet: 1981
Fag:
Format: MixedMaterials Book Chapter
KOHA link:https://koha.lib.tpu.ru/cgi-bin/koha/opac-detail.pl?biblionumber=599910

MARC

LEADER 00000naa0a2200000 4500
001 599910
005 20250124114642.0
035 |a (RuTPU)RU\TPU\tpu\24065 
035 |a RU\TPU\tpu\23946 
090 |a 599910 
100 |a 20131128d1981 k||y0rusy50 ba 
101 0 |a eng 
102 |a RU 
200 1 |a Determination of the limiting beam intensity in the cyclic inductive accelerator with a constant guiding field  |f V. N. Kanunnikov [et al.] 
330 |a Measurements are reported of the beam parameters of a cyclic inductive accelerator with a time-independent guiding field. The measured mean beam current as a function of the injection-current amplitude is calculated with theoretical values. 
333 |a В фонде НТБ ТПУ отсутствует 
461 |t Soviet Physics - Lebedev Institute Reports  |d 1974- 
463 |t Iss. 3  |v P. 30-35  |d 1981 
610 1 |a труды учёных ТПУ 
701 1 |a Kanunnikov  |b V. N. 
701 1 |a Mikhalev  |b P. S. 
701 1 |a Simukhin  |b N. F. 
701 1 |a Chakhlov  |b V. L.  |c physicist  |c Honored worker of science and technology of the Russian Federation  |c Honored Professor of Tomsk Polytechnic University, Doctor ofTechnical Sciences (DSc)  |f 1934-2011  |g Vladimir Lukianovich  |3 (RuTPU)RU\TPU\pers\30042  |4 070 
801 1 |a RU  |b 63413507  |c 20111213 
801 2 |a RU  |b 63413507  |c 20131128  |g RCR 
942 |c CR